Hipnotismo (Record no. 61676)

MARC details
000 -LEADER
campo de control de longitud fija 00631nam a2200205 i 4500
001 - NÚMERO DE CONTROL
campo de control 61676
003 - IDENTIFICADOR DE NÚMERO DE CONTROL
campo de control ES-MaACL
005 - FECHA Y HORA DE LA ÚLTIMA TRANSACCIÓN
campo de control 20230906164522.0
007 - CAMPO FIJO DE DESCRIPCIÓN FÍSICA--INFORMACIÓN GENERAL
campo de control de longitud fija t|
008 - DATOS DE LONGITUD FIJA--INFORMACIÓN GENERAL
campo de control de longitud fija 180903s1928 sp ||||1| spa d
100 1# - ENTRADA PRINCIPAL--NOMBRE DE PERSONA
Nombre de persona Fardwel, William.
9 (RLIN) 48835
245 10 - MENCIÓN DEL TÍTULO
Título Hipnotismo
Resto del título : estudio experimental /
Mención de responsabilidad, etc. por el doctor William Fardwel [seud.].
260 ## - PUBLICACIÓN, DISTRIBUCIÓN, ETC.
Lugar de publicación, distribución, etc. Madrid :
Nombre del editor, distribuidor, etc. Caro Raggio,
Fecha de publicación, distribución, etc. [1928?]
300 ## - DESCRIPCIÓN FÍSICA
Extensión 249 p. ;
Dimensiones 19 cm.
490 1# - MENCIÓN DE SERIE
Mención de serie Biblioteca de ciencias esotéricas ;
Designación de volumen o secuencia 1
650 04 - PUNTO DE ACCESO ADICIONAL DE MATERIA--TÉRMINO DE MATERIA
Término de materia o nombre geográfico como elemento de entrada Hipnosis.
9 (RLIN) 13363
830 0# - PUNTO DE ACCESO ADICIONAL DE SERIE-TÍTULO UNIFORME
Título uniforme Biblioteca de ciencias esotéricas ;
Designación de volumen o secuencia 1
9 (RLIN) 182811
852 ## - LOCALIZACIÓN
Ubicación ES-MaACL
Número de control de estantería B-6948
Holdings
Estatus retirado Estado de pérdida Estado de daño No para préstamo Biblioteca de origen Biblioteca actual Ubicación en estantería Fecha de adquisición Fuente de adquisición Total de préstamos Signatura topográfica completa Código de barras Visto por última vez Precio de reemplazo Tipo de ítem Koha
        Biblioteca del Ateneo de Madrid Biblioteca del Ateneo de Madrid Sala Pardo Bazán 03/09/2018     B-6948 1199247 23/02/2023 23/02/2023 Libro impreso